| 000 | 00869nam0a22002771 4500 | ||
|---|---|---|---|
| 001 | rc\4346902 | ||
| 005 | 20250612054457.0 | ||
| 021 |
_aRU _b[62-35113] |
||
| 035 | _a(NLR Aleph) 008527280 | ||
| 090 |
_a8265793 _c8265793 |
||
| 100 | _a20130416d1962 |||y0rusy50 ca | ||
| 101 | 0 | _arus | |
| 102 | _aRU | ||
| 105 | _ay z ||||| | ||
| 200 | 1 | _aЧеловек проходит как хозяин | |
| 210 |
_aМосква _cМоск. рабочий _d1962 |
||
| 215 |
_a51 с. _d17 |
||
| 225 | 1 | _aБеседы о нравственности | |
| 606 |
_aКоммунистическая мораль _2psbo |
||
| 700 | 1 |
_7ca _aГальперин _bЮ. М. _f1918-2000 _gЮрий Мануилович _9166942 _3RU\NLR\AUTH\770166989 |
|
| 801 | 0 |
_aRU _bNLR _gpsbo |
|
| 801 | 1 |
_aRU _bELAR _2rusmarc |
|
| 852 |
_aNLR _j62-2/1629 |
||
| 942 | _cBOOK | ||
| 980 | _aNB | ||